| 000 | 01167nam a22003137a 4500 | ||
|---|---|---|---|
| 999 |
_c457 _d457 |
||
| 001 | 003116 | ||
| 003 | CoMeUDC003116 | ||
| 005 | 20181215144836.0 | ||
| 008 | 130821s2005 ck gr spa | ||
| 020 | _a9586169022 | ||
| 040 |
_aCo-BoUCM _bspa _cCoMeUDC _dNuevo |
||
| 041 | 0 | 0 | _aspa |
| 082 | 0 | 4 |
_a342 _220 _bB517d |
| 100 | 1 |
_aBernal Pulido, Carlos _939289 |
|
| 245 | 1 | 3 |
_aEl derecho de los derechos escritos sobre la aplicación de los derechos fundamentales / _cCarlos Bernal Pulido |
| 260 |
_aBogotá (Colombia) : _bUniversidad Externado de Colombia, _c2005. |
||
| 300 | _a417 páginas | ||
| 504 | _aIncluye referencias bibliográficas e índices | ||
| 650 | 7 |
_aControl de constitucionalidad _zColombia _911876 |
|
| 650 | 7 |
_aDerecho constitucional _912725 |
|
| 650 | 7 |
_aDerecho constitucional _zColombia _912726 |
|
| 650 | 7 |
_aDerecho constitucional _zEspaña _935410 |
|
| 650 | 7 |
_aDerecho procesal _912822 |
|
| 650 | 7 |
_aFilosofía del derecho _915792 |
|
| 651 | 4 |
_aColombia _xHistoria constitucional _937482 |
|
| 690 | _aDerecho constitucional | ||
| 710 | 2 |
_aUniversidad Externado de Colombia _93812 |
|
| 942 |
_cBK _a8 _e1 _mB517 _2ddc _h342 |
||